Steel Structures, Design and Behavior : (Record no. 13526)
[ view plain ]
| 000 -LEADER | |
|---|---|
| fixed length control field | 01628nac a22002771u 4500 |
| 008 - FIXED-LENGTH DATA ELEMENTS--GENERAL INFORMATION | |
| fixed length control field | 100228s2009 nju|||||r|||| 001 0 eng d |
| 010 ## - LIBRARY OF CONGRESS CONTROL NUMBER | |
| LC control number | 95037679 |
| 020 ## - INTERNATIONAL STANDARD BOOK NUMBER | |
| International Standard Book Number | 9780132061193 |
| 020 ## - INTERNATIONAL STANDARD BOOK NUMBER | |
| International Standard Book Number | 0132061198 |
| 082 00 - DEWEY DECIMAL CLASSIFICATION NUMBER | |
| Classification number | 624.1821 |
| Item number | SAL |
| Edition number | 22 |
| 100 ## - MAIN ENTRY--PERSONAL NAME | |
| Personal name | Salmon, Charles G. |
| 9 (RLIN) | 11971 |
| 245 10 - TITLE STATEMENT | |
| Title | Steel Structures, Design and Behavior : |
| Remainder of title | Emphasizing Load and Resistance Factor Design / |
| Statement of responsibility, etc | Charles G. Salmon, John E. Johnson& Faris A. Malhas |
| 250 ## - EDITION STATEMENT | |
| Edition statement | 5th ed. |
| 260 ## - PUBLICATION, DISTRIBUTION, ETC. (IMPRINT) | |
| Place of publication, distribution, etc | New Jersey : |
| Name of publisher, distributor, etc | Pearson Printice-Hall, 2009 |
| Date of publication, distribution, etc | 2009 |
| 300 ## - PHYSICAL DESCRIPTION | |
| Extent | 884 p. : |
| Other physical details | ill. ; |
| Dimensions | 25 cm. |
| 504 ## - BIBLIOGRAPHY, ETC. NOTE | |
| Bibliography, etc | Includes bibliographical references and index. |
| 650 #0 - SUBJECT ADDED ENTRY--TOPICAL TERM | |
| Topical term or geographic name as entry element | Building, Iron and steel. |
| 9 (RLIN) | 11972 |
| 650 #0 - SUBJECT ADDED ENTRY--TOPICAL TERM | |
| Topical term or geographic name as entry element | Steel, Structural. |
| 9 (RLIN) | 11973 |
| 700 1# - ADDED ENTRY--PERSONAL NAME | |
| Personal name | Johnson, John Edwin, |
| Dates associated with a name | 1931- |
| 9 (RLIN) | 11974 |
| 700 1# - ADDED ENTRY--PERSONAL NAME | |
| Personal name | Malhas, Faris A. |
| Dates associated with a name | 1931- |
| 9 (RLIN) | 11970 |
| 942 ## - ADDED ENTRY ELEMENTS (KOHA) | |
| Item type | NB - Book (Non borrowing) |
| Call number prefix | 624.1821SAL |
| Source of classification or shelving scheme | Dewey Decimal Classification |
| Withdrawn status | Item status | Source of classification or shelving scheme | Damaged status | Not for loan | Vendor | Home library | Current library | Shelving location | Date acquired | Source of acquisition | Cost, normal purchase price | Total Checkouts | Total Renewals | Full call number | Barcode | Date last seen | Date last borrowed | Koha item type |
|---|---|---|---|---|---|---|---|---|---|---|---|---|---|---|---|---|---|---|
| Dewey Decimal Classification | Baccah | Central Library | Central Library | First floor | 28/02/2010 | 180.00 | 10 | 67 | 624.1821 SAL | 000019943 | 28/09/2025 | 19/02/2025 | Book - Borrowing | |||||
| Dewey Decimal Classification | Baccah | Central Library | Central Library | First floor | 28/02/2010 | 180.00 | 2 | 624.1821 SAL | 000019944 | 15/07/2025 | 11/02/2013 | NB - Book (Non borrowing) | ||||||
| Dewey Decimal Classification | Baccah | Central Library | Central Library | First floor | 20/04/2011 | 180.00 | 4 | 33 | 624.1821 SAL | 000023303 | 15/07/2025 | 21/02/2017 | Book - Borrowing | |||||
| Dewey Decimal Classification | Baccah | Central Library | Central Library | First floor | 20/04/2011 | 180.00 | 5 | 50 | 624.1821 SAL | 000023304 | 15/07/2025 | 08/03/2017 | Book - Borrowing |